000 00446nam a2200169Ia 4500
008 230917s9999||||xx |||||||||||||| ||und||
020 _cRS2000
040 _e212381
_aMAIN
041 _aEnglish
082 _a355.00951 S66S
100 _aSirohi, R K
245 0 _aSupremacy of China over Tibet
260 _aNew Delhi
_bPrashant Publishing
_c2013
300 _av, 336 p.
500 _a4194 20/11/2013 121 23/11/2013 Main Budget
942 _cBK
999 _c34221
_d34221